Best buy by Witeg

Đã lưu trong:
Sonraí Bibleagrafaíochta
Formáid: Leabhar
Teanga:Undetermined
Foilsithe: Germany 1993
Ábhair:
Clibeanna: Cuir Clib Leis
Gan Chlibeanna, Bí ar an gcéad duine leis an taifead seo a chlibeáil!
Thư viện lưu trữ: Trung tâm Học liệu Trường Đại học Cần Thơ
LEADER 00349nam a2200145Ia 4500
001 CTU_23472
008 210402s9999 xx 000 0 und d
082 |a 016 
082 |b B561 
245 0 |a Best buy by Witeg 
260 |a Germany 
260 |c 1993 
650 |a Catalog 
904 |i Truc 
980 |a Trung tâm Học liệu Trường Đại học Cần Thơ